Estatísticas para Nome completo de Dom Pedro I

Clique aqui para jogar o quiz

Estatísticas Gerais

  • Esse quiz foi jogado 134 vezes
  • A pontuação média é 10 de 22

Estatísticas das Respostas

OrdemResposta% Correto
1Pedro
100%
2de
73%
3Alcântara
70%
4Francisco
45%
20Bragança
43%
6João
43%
5Antônio
42%
12Rafael
42%
7Carlos
41%
19de
41%
13Joaquim
41%
14José
41%
11Miguel
41%
9de
40%
21e
40%
10Paula
40%
8Xavier
40%
15Gonzaga
38%
18Serafim
38%
17Cipriano
37%
16Pascoal
37%
22Bourbon
34%

Distribuição das Pontuações

Percentil de Números Respondidos

Porcentagem de Pessoas com Cada Pontuação

Sua Pontuação Histórica

Você não jogou esse quiz